000 00743nam a22002657a 4500
001 BR0504653
003 BR-BrBNA
005 20230928102020.0
007 ta
008 230509b bl.||||| |||| 00| 0 por d
040 _aBR-BrBNA
_bpor
_cBiblioteca Nacional de Agricultura
041 _a(Por)
072 _aD10
090 _ D10 BR0504653
110 1 _aInstituto de Terras, Cartografia e Florestas, Curitiba, PR (Brasil)
_96277
245 1 _aO ITCF e suas funções
260 3 _aCuritiba, PR (Brasil):
_c1990.
300 _a28 p.
500 _a18 illus.
650 _aINSTITUIÇÃO PÚBLICA
650 _aADMINISTRAÇÃO PÚBLICA
650 _aPLANEJAMENTO ADMINISTRATIVO
909 _a202309
_bLucia
_c55
_dLucia Elande
942 _cBK
999 _c68715
_d68715